00485 2200157 4500001002100000008004100021035002000062245008600082100002100168260003100189020002200220084001600242082001000258650004600268990001300314INLIS000000000000255 ind  a0010-0120000255 aAyo Memahami Akidah dan Akhlak 3buntuk SMP / MTS Islam Kelas IXcJunaidi Hidayat aHidayat, Junaidi aJakarta :bErlangga,c2019 a978-979-033-900-2 a2X5.1 HID a a2X5.1 aAkidah dan Akhlak -- Studi dan Pengajaran a21900255